[Event "22e Tournoi 1hKO"]
[Site "Montigny le Bretonneux"]
[Date "2018.05.13"]
[Round "8.4"]
[White "Sondermeijer, Antoine"]
[Black "Sagon, Lancelot"]
[Result "0-1"]
[WhiteElo "1465"]
[BlackElo "1479"]
[Annotator "Rivier,Sylvain"]
[PlyCount "64"]
[EventDate "2018.??.??"]

{Ouverture anglaise, variante sicilienne inversée} 1. c4 e5 2. Nc3 Nf6 3. Nf3
Nc6 4. g3 g6 5. Bg2 Bg7 6. O-O O-O 7. d3 d6 8. Be3 Be6 9. Qc1 Qd7 10. Ng5 Rad8
11. Nxe6 fxe6 12. b4 d5 13. b5 Ne7 14. cxd5 exd5 15. Bh6 Nf5 16. Bxg7 Kxg7 17.
h3 Nd4 18. Qb2 Qd6 19. a4 Rf7 20. e3 Ne6 21. Rac1 Rdf8 22. Rc2 Qd7 23. Nxd5 Kh6
24. Qa2 Ng5 25. f4 Nxh3+ 26. Kh2 Ng4+ 27. Kxh3 Nxe3+ 28. Kh2 Nxf1+ 29. Bxf1
exf4 30. gxf4 Qg4 31. Bh3 Qf3 32. Rf2 Qxd3 {suite non notée} 0-1

[Event "22e Tournoi 1hKO"]
[Site "Montigny le Bretonneux"]
[Date "2018.05.13"]
[Round "8.6"]
[White "Montay, Jean-Paul"]
[Black "Sondermeijer, Damien"]
[Result "1/2-1/2"]
[WhiteElo "1391"]
[BlackElo "1414"]
[Annotator "Rivier,Sylvain"]
[PlyCount "77"]
[EventDate "2018.??.??"]

{Ouverture anglaise, défense anglo-Grünfeld} 1. c4 c6 2. Nc3 Nf6 3. Nf3 g6 4.
g3 Bg7 5. d4 d5 6. c5 O-O 7. Bg2 Nbd7 8. O-O Re8 9. Be3 e5 10. dxe5 Nxe5 11.
Bd4 Ned7 12. Re1 b6 13. b4 Bf8 14. Na4 bxc5 15. Nxc5 Nxc5 16. bxc5 Nd7 17. Qa4
Qc7 18. Rac1 a5 19. Be3 Qa7 20. Qxc6 Rxe3 21. fxe3 Bxc5 22. Nd4 Bxd4 23. exd4
Qxd4+ 24. Kh1 Nb6 25. Qe8+ Kg7 26. Rf1 Be6 27. Qb5 Bd7 28. Qd3 Qxd3 29. exd3
Be6 30. Rc2 Rc8 31. Rfc1 d4 32. Rxc8 Nxc8 33. h4 Nd6 34. a4 Bb3 35. Rc5 Bxa4
36. Rxa5 Bc2 37. Bf1 Nf5 38. Kh2 Ne3 39. Be2 1/2-1/2

[Event "22e Tournoi 1hKO"]
[Site "Montigny le Bretonneux"]
[Date "2018.05.13"]
[Round "8.7"]
[White "Privat, Jean-Claude"]
[Black "Fasquelle, Yann"]
[Result "1/2-1/2"]
[WhiteElo "1605"]
[BlackElo "1512"]
[Annotator "Rivier,Sylvain"]
[PlyCount "43"]
[EventDate "2018.??.??"]

{Ouverture anglaise, variante symétrique} 1. d4 Nf6 2. c4 e6 3. Nf3 b6 4. g3
Bb7 5. Bg2 c5 6. O-O cxd4 7. Nxd4 Bxg2 8. Kxg2 Bc5 9. Nb3 Be7 10. Nc3 O-O 11.
Nd4 Qc8 12. b3 Rd8 13. Qd3 d5 14. cxd5 Nxd5 15. Nxd5 Rxd5 16. Qf3 Na6 17. Bb2
Bf6 18. e3 Qe8 19. Qe2 Nc5 20. Nf3 e5 21. Rad1 Rad8 22. Rxd5 1/2-1/2

[Event "22e Tournoi 1hKO"]
[Site "Montigny le Bretonneux"]
[Date "2018.05.13"]
[Round "8.8"]
[White "Pelletier, Noe"]
[Black "Charalambides, Tom"]
[Result "1-0"]
[WhiteElo "1180"]
[BlackElo "1009"]
[Annotator "Rivier,Sylvain"]
[PlyCount "151"]
[EventDate "2018.??.??"]

{Défense Petroff} 1. e4 e5 2. Nf3 Nf6 3. Bc4 Nxe4 4. Qe2 Nd6 5. Qxe5+ Be7 6.
Qxg7 Bf6 7. Qg4 Nxc4 8. Qxc4 Qe7+ 9. Qe2 Qxe2+ 10. Kxe2 b6 11. g3 Ba6+ 12. d3
d6 13. Re1 Nd7 14. Kf1+ Ne5 15. Kg1 O-O-O 16. Nxe5 Bxe5 17. Bd2 Bxb2 18. Bc3
Bxc3 19. Nxc3 Rhe8 20. Re2 b5 21. Rae1 Rxe2 22. Rxe2 b4 23. Ne4 d5 24. Nc5 Bb5
25. a4 Re8 26. Rd2 Re1+ 27. Kg2 Bc6 28. c4 dxc4+ 29. f3 cxd3 30. Nxd3 Re3 31.
Nxb4 Bxf3+ 32. Kh3 Rb3 33. Nd3 Be4 34. Nc5 Bf5+ 35. Kh4 Rb4+ 36. Kg5 Be4 37.
Nxe4 Rxe4 38. Kf6 Rxa4 39. Kxf7 Rg4 40. Ke8 Rg8+ 41. Kf7 Rd8 42. Ra2 Rd7+ 43.
Kg8 c5 44. Rc2 Rc7 45. h4 a5 46. g4 a4 47. g5 a3 48. h5 Rc6 49. Kxh7 c4 50. g6
Rc7+ 51. g7 a2 52. Rxa2 c3 53. Rc2 Kb7 54. Rxc3 Rxc3 55. g8=Q Rc8 56. Qxc8+
Kxc8 57. Kg7 Kd7 58. h6 Ke6 59. h7 Ke5 60. h8=Q Ke4 61. Kf8 Kd3 62. Qf6 Ke3 63.
Qg5+ Kd3 64. Qf4 Kc3 65. Qe4 Kd2 66. Qf3 Kc2 67. Qe3 Kb2 68. Qd3 Ka1 69. Qd2
Kb1 70. Kf7 Ka1 71. Ke6 Kb1 72. Kd5 Ka1 73. Ke4 Kb1 74. Kd4 Ka1 75. Kc3 Kb1 76.
Qb2# 1-0

[Event "22e Tournoi 1hKO"]
[Site "Montigny le Bretonneux"]
[Date "2018.05.13"]
[Round "8.9"]
[White "Carbonero, Jean Marc"]
[Black "Rayeh, Anas"]
[Result "1-0"]
[WhiteElo "1098"]
[BlackElo "1204"]
[Annotator "Rivier,Sylvain"]
[PlyCount "235"]
[EventDate "2018.??.??"]

{Partie espagnole, défense berlinoise} 1. e4 e5 2. Nf3 Nc6 3. Bb5 Nf6 4. Bxc6
dxc6 5. d3 Bg4 6. O-O Bc5 7. Bg5 O-O 8. h3 Bh5 9. Nbd2 Qe7 10. Be3 Rfe8 11. a3
a5 12. c3 Bb6 13. Bxb6 cxb6 14. b4 Rad8 15. Qc2 Qd7 16. Nxe5 Qd6 17. Ndc4 Qc7
18. d4 b5 19. Ne3 axb4 20. cxb4 Rxd4 21. N5g4 Bxg4 22. Nxg4 Nxg4 23. hxg4 Qe5
24. f3 Qf4 25. Qf2 Rd6 26. g3 Qd2 27. Qxd2 Rxd2 28. Rad1 Re2 29. Rf2 Rxf2 30.
Kxf2 h6 31. Ra1 Rd8 32. Ke3 g6 33. Kf4 Rd3 34. e5 h5 35. Ke4 Rb3 36. g5 f5+ 37.
Kf4 b6 38. g4 h4 39. gxf5 h3 40. fxg6 h2 41. Rh1 Rxa3 42. Rxh2 Kg7 43. Kf5
Rxf3+ 44. Kg4 Rf8 45. e6 Kxg6 46. e7 Re8 47. Re2 c5 48. Re6+ Kf7 49. Rxb6 Rxe7
50. Rxb5 cxb4 51. Rxb4 Kg6 52. Rb6+ Kg7 53. Kh5 Kh7 54. g6+ Kg7 55. Rd6 Re5+
56. Kh4 Re4+ 57. Kg5 Re5+ 58. Kf4 Rb5 59. Ke4 Ra5 60. Kf4 Ra4+ 61. Kg5 Ra5+ 62.
Kh4 Rc5 63. Ra6 Rc4+ 64. Kg3 Rc3+ 65. Kf4 Rc5 66. Rb6 Rd5 67. Ke4 Rh5 68. Kd4
Rh4+ 69. Ke5 Rh5+ 70. Kf4 Rc5 71. Ra6 Rb5 72. Kg4 Rb4+ 73. Kf3 Rb3+ 74. Ke4 Rb5
75. Kd4 Rg5 76. Ke4 Rh5 77. Kf4 Rb5 78. Re6 Rh5 79. Kg4 Rc5 80. Kf4 Ra5 81. Rb6
Rc5 82. Ke4 Ra5 83. Kf4 Rd5 84. Ke4 Rh5 85. Re6 Rh6 86. Kf5 Rh5+ 87. Kg4 Rc5
88. Ra6 Rd5 89. Kf4 Rh5 90. Ke4 Rb5 91. Kd4 Rf5 92. Kc4 Rh5 93. Kb4 Rh6 94. Kc5
Kg8 95. Kd5 Kg7 96. Ke5 Rh5+ 97. Kf4 Kh6 98. Kg4 Re5 99. Rf6 Rg5+ 100. Kf4 Rc5
101. Kg4 Rc4+ 102. Kf5 Rc5+ 103. Ke6 Rc6+ 104. Kf7 Rc7+ 105. Kf8 Rg7 106. Ke8
Re7+ 107. Kxe7 Kg7 108. Ke6 Kh6 109. Kf5 Kg7 110. Ke5 Kh6 111. Ke6 Kg7 112. Ke7
Kh6 113. Rf7 Kxg6 114. Rf6+ Kg5 115. Ke6 Kg4 116. Rg6+ Kf4 117. Rf6+ Ke4 118.
Rf5 {suite non notée} 1-0

[Event "22e Tournoi 1hKO"]
[Site "Montigny le Bretonneux"]
[Date "2018.05.13"]
[Round "8.10"]
[White "Pelletier, Sylvain"]
[Black "Harang, Mathurin"]
[Result "1-0"]
[WhiteElo "1399"]
[BlackElo "1099"]
[Annotator "Rivier,Sylvain"]
[PlyCount "79"]
[EventDate "2018.??.??"]

{Défense Petroff} 1. e4 e5 2. Nf3 Nf6 3. Nxe5 Nxe4 4. Qe2 d5 5. d3 Bf5 6. dxe4
dxe4 7. Qc4 Qe7 8. Qb5+ Nc6 9. Nxc6 bxc6 10. Qxc6+ Qd7 11. Qxa8+ Qd8 12. Qxd8+
Kxd8 13. Bf4 Bc5 14. Nc3 Bb4 15. O-O-O+ Bd6 16. Bxd6 cxd6 17. Rxd6+ Ke7 18. Nb5
Rd8 19. Rxd8 Kxd8 20. Nxa7 h6 21. Bc4 Be6 22. Bxe6 fxe6 23. Re1 Ke7 24. Rxe4 g5
25. Kd2 h5 26. Re5 Kf6 27. Nc6 h4 28. Ke3 g4 29. Kf4 h3 30. gxh3 gxh3 31. a4
Kf7 32. a5 Kf6 33. a6 Kf7 34. a7 Kf6 35. a8=R Kf7 36. Nd8+ Ke7 37. Rxe6+ Kd7
38. Ra7+ Kxd8 39. Rh6 Kc8 40. Rh8# 1-0

[Event "22e Tournoi 1hKO"]
[Site "Montigny le Bretonneux"]
[Date "2018.05.13"]
[Round "9.1"]
[White "Sagon, Lancelot"]
[Black "Forissier, Nicolas"]
[Result "1/2-1/2"]
[WhiteElo "1479"]
[BlackElo "1977"]
[Annotator "Rivier,Sylvain"]
[PlyCount "101"]
[EventDate "2018.??.??"]

{Partie italienne} 1. e4 e5 2. Nf3 Nc6 3. Bc4 Bc5 4. Nc3 Nf6 5. d3 d6 6. Be3
Bb6 7. h3 Be6 8. Bb3 Bxe3 9. fxe3 h5 10. Bxe6 fxe6 11. Qd2 Qe7 12. O-O-O O-O-O
13. Rhf1 d5 14. exd5 exd5 15. d4 Ne4 16. Qe1 Nxc3 17. Qxc3 e4 18. Nd2 Rhf8 19.
Nb3 Qg5 20. Qd2 Ne7 21. Nc5 Qh6 22. Kb1 b6 23. Nb3 Nf5 24. Rde1 Ng3 25. Rf2 Qd6
26. Nc1 Rxf2 27. Qxf2 Rf8 28. Qg1 Qf6 29. Ne2 h4 30. Nxg3 hxg3 31. Kc1 Kd7 32.
Kd2 c5 33. c3 Kc6 34. h4 a5 35. a4 c4 36. Kd1 b5 37. axb5+ Kxb5 38. Kd2 Qf2+
39. Qxf2 Rxf2+ 40. Re2 Rxe2+ 41. Kxe2 Ka4 42. Kd2 Kb3 43. Kc1 g6 44. Kb1 a4 45.
Kc1 a3 46. Kb1 Ka4 47. Ka2 axb2 48. Kxb2 Kb5 49. Ka3 Ka5 50. Ka2 Kb5 51. Ka3
1/2-1/2

[Event "22e Tournoi 1hKO"]
[Site "Montigny le Bretonneux"]
[Date "2018.05.13"]
[Round "9.2"]
[White "David, Frederic"]
[Black "Sondermeijer, Antoine"]
[Result "1-0"]
[WhiteElo "1964"]
[BlackElo "1465"]
[Annotator "Rivier,Sylvain"]
[PlyCount "57"]
[EventDate "2018.??.??"]

{Partie du centre} 1. e4 e5 2. d4 exd4 3. Qxd4 Nc6 4. Qe3 b6 5. Nc3 Bb7 6. Qg3
Nge7 7. Bg5 Nd4 8. O-O-O Ne6 9. Be3 f5 10. Bc4 Nc5 11. exf5 Ne4 12. Nxe4 Bxe4
13. f6 gxf6 14. Qh4 Bd5 15. Qh5+ Ng6 16. Bxd5 c6 17. Be4 Bg7 18. Bxg6+ hxg6 19.
Qxg6+ Kf8 20. Nf3 d5 21. Nd4 Qd7 22. Nf5 Re8 23. Nxg7 Qxg7 24. Qxg7+ Kxg7 25.
Bf4 Re4 26. Bg3 f5 27. f3 Re2 28. Rde1 Rxg2 29. Be5+ 1-0

[Event "22e Tournoi 1hKO"]
[Site "Montigny le Bretonneux"]
[Date "2018.05.13"]
[Round "9.3"]
[White "Didierjean, Tristan"]
[Black "Branson, James"]
[Result "1-0"]
[WhiteElo "1697"]
[BlackElo "1516"]
[Annotator "Rivier,Sylvain"]
[PlyCount "77"]
[EventDate "2018.??.??"]

{Gambit de Budapest, variante Fajarowicz} 1. d4 Nf6 2. c4 e5 3. d5 Bc5 4. e3 e4
5. Ne2 d6 6. Nd4 O-O 7. Nc3 Re8 8. Be2 c6 9. dxc6 Nxc6 10. Nd5 Ne5 11. O-O Be6
12. Nxe6 fxe6 13. Nf4 Qe7 14. Kh1 Rf8 15. a3 a5 16. Bd2 g5 17. Nh5 Nxh5 18.
Bxh5 Nxc4 19. Bc3 d5 20. Qg4 Rf5 21. b4 Bd6 22. Qh3 Be5 23. Bxe5 Nxe5 24. g4
Rf3 25. Qg2 Qf6 26. bxa5 Rf8 27. Ra2 Nd3 28. Kg1 Qc3 29. Re2 Qxa3 30. h4 h6 31.
hxg5 hxg5 32. Qh2 Qe7 33. Rc2 Qf6 34. Rc7 Rxf2 35. Bf7+ Rxf7 36. Rc8+ Kg7 37.
Qh8+ Kg6 38. Rg8+ Rg7 39. Qh5# 1-0

[Event "22e Tournoi 1hKO"]
[Site "Montigny le Bretonneux"]
[Date "2018.05.13"]
[Round "9.4"]
[White "Sondermeijer, Damien"]
[Black "Trevisiol, Antoine"]
[Result "0-1"]
[WhiteElo "1414"]
[BlackElo "1404"]
[Annotator "Rivier,Sylvain"]
[PlyCount "78"]
[EventDate "2018.??.??"]

{Défense française, variante d'avance} 1. e4 e6 2. d4 d5 3. e5 c5 4. c3 Qb6 5.
Nf3 Bd7 6. Bd3 Bb5 7. O-O Nc6 8. a3 a5 9. Qe2 Bxd3 10. Qxd3 Nge7 11. g4 cxd4
12. cxd4 Ng6 13. Nc3 a4 14. Qb5 Qxb5 15. Nxb5 Ra5 16. Nc3 Be7 17. Bd2 h6 18.
Rac1 Kd7 19. Rc2 Raa8 20. Rfc1 Nh4 21. Nxh4 Nxd4 22. Ng2 Nxc2 23. Rxc2 Rhc8 24.
Rc1 Rc4 25. Ne3 Rc5 26. h3 d4 27. Ncd5 exd5 28. Rxc5 dxe3 29. Rxd5+ Ke6 30. Rd3
exd2 31. Rxd2 Kxe5 32. f4+ Kxf4 33. Rf2+ Ke3 34. Rxf7 Bf6 35. Rxb7 Rc8 36. b3
Kf3 37. Rf7 axb3 38. Rb7 Rc1+ 39. Kh2 Be5# 0-1

[Event "22e Tournoi 1hKO"]
[Site "Montigny le Bretonneux"]
[Date "2018.05.13"]
[Round "9.5"]
[White "Trevisiol, Thierry"]
[Black "Duval, Dominique"]
[Result "1-0"]
[WhiteElo "1578"]
[BlackElo "1704"]
[Annotator "Rivier,Sylvain"]
[PlyCount "59"]
[EventDate "2018.??.??"]

{Gambit dame, défense Tchigorine} 1. d4 d5 2. c4 Nc6 3. Nc3 dxc4 4. e3 e5 5. d5
Nb4 6. Bxc4 Nf6 7. Nge2 a6 8. a3 b5 9. Bb3 Nbxd5 10. Nxd5 Bb7 11. Nxf6+ Qxf6
12. O-O Rd8 13. Qc2 Bd6 14. e4 O-O 15. Be3 Qg6 16. f3 h5 17. Rac1 Bc8 18. Kh1
Kh8 19. Rfd1 f5 20. Bd5 f4 21. Bc5 Rf6 22. Bxd6 cxd6 23. Rd2 Qg5 24. Ng1 h4 25.
Qc7 Rdf8 26. Qe7 Qh6 27. Rdc2 h3 28. Rxc8 hxg2+ 29. Kxg2 Rg6+ 30. Kh1 1-0

[Event "22e Tournoi 1hKO"]
[Site "Montigny le Bretonneux"]
[Date "2018.05.13"]
[Round "9.6"]
[White "Pelletier, Sylvain"]
[Black "Privat, Jean-Claude"]
[Result "0-1"]
[WhiteElo "1399"]
[BlackElo "1605"]
[Annotator "Rivier,Sylvain"]
[PlyCount "86"]
[EventDate "2018.??.??"]

{Défense des deux cavaliers} 1. e4 e5 2. Nf3 Nc6 3. Bc4 Nf6 4. d3 Be7 5. O-O
O-O 6. Re1 d6 7. h3 Na5 8. Nbd2 Nxc4 9. Nxc4 Be6 10. b3 Nd7 11. d4 exd4 12.
Nxd4 Bxc4 13. bxc4 Ne5 14. Qe2 Bf6 15. Rb1 b6 16. f4 Ng6 17. c3 Qd7 18. Bd2
Rfe8 19. Qd3 Nf8 20. f5 Be5 21. Qf3 c5 22. Ne2 Qa4 23. Qd3 Qc6 24. Qd5 Qxd5 25.
cxd5 Nd7 26. c4 Nf6 27. Nc3 Bxc3 28. Bxc3 Nxe4 29. Bb2 Ng3 30. f6 gxf6 31. Bxf6
Kf8 32. Rb3 Rxe1+ 33. Kf2 Rf1+ 34. Kxg3 Rxf6 35. a4 Re8 36. a5 Rg6+ 37. Kf2
bxa5 38. Rb7 a4 39. Rxa7 Rb8 40. Rxa4 Rb2+ 41. Kf3 Rbxg2 42. Kf4 Rh2 43. Kf5
Rxh3 0-1

[Event "22e Tournoi 1hKO"]
[Site "Montigny le Bretonneux"]
[Date "2018.05.13"]
[Round "9.7"]
[White "Leclet, Pierre"]
[Black "Montay, Jean-Paul"]
[Result "1-0"]
[WhiteElo "1483"]
[BlackElo "1391"]
[Annotator "Rivier,Sylvain"]
[PlyCount "57"]
[EventDate "2018.??.??"]

{Partie du pion dame} 1. d4 d5 2. b3 Nf6 3. Bb2 e6 4. a3 Be7 5. e3 O-O 6. c4 c6
7. c5 a5 8. Nc3 Nbd7 9. b4 b6 10. Nf3 b5 11. Bd3 Qc7 12. Qc2 a4 13. O-O e5 14.
dxe5 Nxe5 15. Nxe5 Qxe5 16. Nxb5 Qg5 17. f4 Qg4 18. Nd4 Qd7 19. Rad1 Re8 20.
Rf3 Ne4 21. b5 Bxc5 22. Nxc6 Bd6 23. Bxe4 dxe4 24. Rg3 f6 25. Bxf6 g6 26. Be5
Qb7 27. Rxd6 Qxb5 28. Nb4 Bf5 29. Qa2+ 1-0

[Event "22e Tournoi 1hKO"]
[Site "Montigny le Bretonneux"]
[Date "2018.05.13"]
[Round "9.8"]
[White "Alluch Abdellach, Nordin"]
[Black "Pelletier, Noe"]
[Result "1-0"]
[WhiteElo "1426"]
[BlackElo "1180"]
[Annotator "Rivier,Sylvain"]
[PlyCount "45"]
[EventDate "2018.??.??"]

{Gambit dame refusé} 1. d4 d5 2. c4 e6 3. e3 Nd7 4. Nc3 Nb6 5. c5 Nd7 6. Bb5 c6
7. Bd3 b6 8. b4 bxc5 9. bxc5 Ndf6 10. f4 Qa5 11. Bd2 Ba6 12. Nxd5 Qa3 13. Nxf6+
Nxf6 14. Bxa6 Qxa6 15. Ne2 Ne4 16. O-O Be7 17. Nc3 f5 18. Nxe4 O-O 19. Ng3 g5
20. Qb3 Rf6 21. fxg5 Rg6 22. e4 fxe4 23. Nxe4 1-0

[Event "22e Tournoi 1hKO"]
[Site "Montigny le Bretonneux"]
[Date "2018.05.13"]
[Round "9.10"]
[White "Rayeh, Anas"]
[Black "Harang, Mathurin"]
[Result "1-0"]
[WhiteElo "1204"]
[BlackElo "1099"]
[Annotator "Rivier,Sylvain"]
[PlyCount "31"]
[EventDate "2018.??.??"]

{Partie italienne} 1. e4 e5 2. Nf3 Nc6 3. Bc4 Nf6 4. Nc3 Bc5 5. O-O O-O 6. d3
d6 7. Bg5 Bg4 8. Nd5 Qd7 9. Bxf6 gxf6 10. Nxf6+ Kg7 11. Nxd7 Rad8 12. Nxf8 Kxf8
13. c3 a6 14. h3 Bxf3 15. Qxf3 b5 16. Qxf7# 1-0